Computer Concepts: Comprehensive (Record no. 3923)

MARC details
005 - DATE AND TIME OF LATEST TRANSACTION
control field 20250613065521.0
020 ## - INTERNATIONAL STANDARD BOOK NUMBER
International Standard Book Number 978-0-357-67461-1
082 ## - DEWEY DECIMAL CLASSIFICATION NUMBER
Classification number 001.64 PAR
111 ## - MAIN ENTRY--MEETING NAME
Meeting name or jurisdiction name as entry element Pearson
245 ## - TITLE STATEMENT
Title Computer Concepts: Comprehensive
250 ## - EDITION STATEMENT
Edition statement 21st Ed.
260 ## - PUBLICATION, DISTRIBUTION, ETC.
Place of publication, distribution, etc. New York,
Name of publisher, distributor, etc. Cengage Learning,
Date of publication, distribution, etc. 2023.
300 ## - PHYSICAL DESCRIPTION
Extent xvii, 956p.: ill.; figure, picture, table.
Other physical details Glossary, index.
Dimensions 28cm.
856 ## - ELECTRONIC LOCATION AND ACCESS
Link text Access online book
Electronic name Computer Concepts
Path www.cengage.com
942 ## - ADDED ENTRY ELEMENTS (KOHA)
Source of classification or shelving scheme Dewey Decimal Classification
Koha item type Books
Holdings
Date last seen Total checkouts Full call number Barcode Cost, replacement price Price effective from Koha item type Lost status Source of classification or shelving scheme Damaged status Not for loan Withdrawn status Home library Current library Shelving location Date acquired Cost, normal purchase price
06/13/2025   001.64 PAR 00000012915 594622.47 06/13/2025 Books   Dewey Decimal Classification       College of Business Education Main Library College of Business Education Main Library General Collection 09/17/2024 198207.49
06/13/2025   001.64 PAR 00000012916 594622.47 06/13/2025 Books   Dewey Decimal Classification       College of Business Education Main Library College of Business Education Main Library Special Reserve Collection 09/17/2024 198207.49
06/13/2025   001.64 PAR 00000012917 594622.47 06/13/2025 Books   Dewey Decimal Classification       College of Business Education Main Library College of Business Education Main Library General Collection 09/17/2024 198207.49
06/13/2025   001.64 PAR 00000012918 594622.47 06/13/2025 Books   Dewey Decimal Classification       College of Business Education Main Library College of Business Education Main Library General Collection 09/17/2024 198207.49
06/13/2025   001.64 PAR 00000012919 594622.47 06/13/2025 Books   Dewey Decimal Classification       College of Business Education Main Library College of Business Education Main Library General Collection 09/17/2024 198207.49